[Event "Sparkassen-Open J"]
[Site "Heusenstamm, Martinsee"]
[Date "2017.11.26"]
[Round "4.10"]
[White "Burkart, Lloyd Shang"]
[Black "Schmidt, Jeremy"]
[Result "1/2-1/2"]
[WhiteElo "1108"]
[BlackElo "1174"]
[PlyCount "48"]
[EventDate "2017.??.??"]
[WhiteTeam "TuS Makkabi"]
[BlackTeam "SG Rödermark"]

1. d4 d5 2. c4 dxc4 3. e4 g6 4. Bxc4 Bg7 5. Nf3 b6 6. O-O Bb7 7. Nc3 e6 8. Bf4
Ne7 9. Re1 Nd7 10. Rc1 O-O 11. Qd2 Nc6 12. Bh6 a6 13. Bxg7 Kxg7 14. a3 b5 15.
Bd3 Nb6 16. Ne2 Qd7 17. Red1 Rad8 18. h3 Rfe8 19. b3 f5 20. e5 Nd5 21. Ng3 Rf8
22. Rc5 Qe7 23. Rdc1 Qd7 24. h4 h5 1/2-1/2

[Event "Sparkassen-Open J"]
[Site "Heusenstamm, Martinsee"]
[Date "2017.11.26"]
[Round "4.11"]
[White "Richter, Tim"]
[Black "Willand, Mattis"]
[Result "0-1"]
[WhiteElo "1062"]
[BlackElo "1169"]
[PlyCount "120"]
[EventDate "2017.??.??"]
[WhiteTeam "SF Heidesheim"]
[BlackTeam "SC FK Babenhausen"]

1. d4 d5 2. Bf4 Nf6 3. Nf3 Bf5 4. e3 Nc6 5. Bd3 Bg6 6. c3 e6 7. Qc2 Bd6 8. Bg3
O-O 9. Nbd2 Re8 10. a3 e5 11. Bxg6 fxg6 12. O-O exd4 13. Bxd6 Qxd6 14. exd4 Re2
15. Rfe1 Rae8 16. Ne5 Rxe1+ 17. Rxe1 Nxe5 18. dxe5 Rxe5 19. Nf3 Rxe1+ 20. Nxe1
Qe6 21. Nf3 g5 22. Qd2 g4 23. Nd4 Qe4 24. g3 h6 25. Qe2 Qxe2 26. Nxe2 Kf7 27.
Nd4 c6 28. Kf1 Ne4 29. Ke2 Kf6 30. Nb3 Ke5 31. f3 gxf3+ 32. Kxf3 Kf5 33. Nd4+
Ke5 34. Ke3 Nc5 35. Nf3+ Kf5 36. Nd4+ Kg4 37. Kf2 Nd3+ 38. Kg2 Nxb2 39. Ne6 Nc4
40. a4 Nb2 41. h3+ Kf5 42. Nxg7+ Kg6 43. Ne6 Nxa4 44. Nf4+ Kf5 45. Ne2 Nc5 46.
Nd4+ Ke4 47. g4 a5 48. h4 Kf4 49. Kh3 Ne4 50. g5 hxg5 51. h5 Nf6 52. h6 a4 53.
h7 Nxh7 54. Kg2 Ke3 55. Nc2+ Kd3 56. Na3 Kxc3 57. Nb1+ Kb2 58. Nd2 a3 59. Kh2
a2 60. Nb3 Kxb3 0-1

[Event "Sparkassen-Open J"]
[Site "Heusenstamm, Martinsee"]
[Date "2017.11.26"]
[Round "4.12"]
[White "Sharma, Aarush"]
[Black "Pessotschinski, Lars"]
[Result "1-0"]
[WhiteElo "1054"]
[BlackElo "1158"]
[PlyCount "37"]
[EventDate "2017.??.??"]
[WhiteTeam "Düsseldorfer SV"]
[BlackTeam "TuS Makkabi"]

1. e4 c5 2. Nf3 d6 3. d4 cxd4 4. Nxd4 Nf6 5. Nc3 g6 6. Be3 Bg7 7. Be2 O-O 8.
Qd2 Re8 9. O-O-O Bd7 10. Rdg1 Nc6 11. h4 Nxd4 12. Bxd4 Bc6 13. f3 a6 14. g4 b5
15. h5 b4 16. Nb1 Qa5 17. Bc4 gxh5 18. gxh5 Nxh5 19. Qg2 1-0

[Event "Sparkassen-Open J"]
[Site "Heusenstamm, Martinsee"]
[Date "2017.11.26"]
[Round "4.13"]
[White "Senko, Daniel"]
[Black "Schönau, Tom"]
[Result "1-0"]
[WhiteElo "1158"]
[BlackElo "1130"]
[PlyCount "95"]
[EventDate "2017.??.??"]
[WhiteTeam "SC Bad Soden"]
[BlackTeam "SC Herborn"]

1. e4 c5 2. Nf3 d6 3. Nc3 Nf6 4. Bc4 g6 5. O-O Bg7 6. Re1 O-O 7. d3 Nc6 8. h3
Bd7 9. Bg5 Rc8 10. Ne2 Qc7 11. c3 Rfe8 12. a3 a6 13. Qc2 b5 14. Ba2 Rb8 15.
Rad1 Rec8 16. Bxf6 Bxf6 17. d4 c4 18. b3 cxb3 19. Qxb3 e6 20. Nd2 Rb7 21. f4
Be8 22. Nf3 Na5 23. Qb1 Nc4 24. Nd2 Nxa3 25. Qd3 Rb6 26. Qf3 Bd7 27. e5 Bc6 28.
Qf2 Be7 29. g4 b4 30. Rc1 Qb7 31. Ng3 Nb5 32. Re3 bxc3 33. Nc4 Nxd4 34. Rexc3
d5 35. Na5 Qc7 36. Qxd4 Bf8 37. Rxc6 Rxc6 38. Rxc6 Qxa5 39. Rxc8 Qxa2 40. f5
Qb1+ 41. Kg2 Qa2+ 42. Qf2 Qb3 43. fxe6 f5 44. exf6 d4 45. f7+ Kg7 46. Qxd4+ Kh6
47. Nf5+ gxf5 48. Qf6# 1-0

[Event "Sparkassen-Open J"]
[Site "Heusenstamm, Martinsee"]
[Date "2017.11.26"]
[Round "4.14"]
[White "Keck, Johannes"]
[Black "Werner, Florin"]
[Result "1/2-1/2"]
[WhiteElo "1152"]
[BlackElo "1042"]
[PlyCount "73"]
[EventDate "2017.??.??"]
[WhiteTeam "SV Lauf"]
[BlackTeam "VSG Offenbach"]

1. e4 e6 2. d4 d5 3. exd5 exd5 4. Nf3 g6 5. c4 c6 6. Nc3 Bg7 7. Be2 Nf6 8. O-O
Bf5 9. Be3 Nbd7 10. Qd2 Ng4 11. Bf4 h6 12. h3 Ngf6 13. Qe3+ Be6 14. c5 Nh5 15.
Bd6 Nhf6 16. Ne5 Ne4 17. Nxe4 dxe4 18. Nxd7 Qxd7 19. Qxe4 f5 20. Qe3 Kf7 21. f4
Rae8 22. Rf3 Bd5 23. Qf2 Bxf3 24. Bxf3 b6 25. g3 a6 26. Qg2 Bxd4+ 27. Kh1 Bxc5
28. Be5 Rhg8 29. Bxc6 Qd3 30. Qd5+ Qxd5+ 31. Bxd5+ Ke7 32. Bxg8 Rxg8 33. Rd1
Ke6 34. Kg2 g5 35. Kf3 h5 36. fxg5 Kxe5 37. h4 1/2-1/2

[Event "Sparkassen-Open J"]
[Site "Heusenstamm, Martinsee"]
[Date "2017.11.26"]
[Round "4.15"]
[White "Scheerer, Julian"]
[Black "Kamleiter, Noah"]
[Result "1/2-1/2"]
[WhiteElo "1172"]
[BlackElo "1037"]
[PlyCount "96"]
[EventDate "2017.??.??"]
[WhiteTeam "SF Frankfurt"]
[BlackTeam "TSV Bindlach"]

1. e4 c5 2. Nf3 Nc6 3. d4 cxd4 4. Nxd4 g6 5. Nc3 Bg7 6. Be3 Qa5 7. Bd3 Nf6 8.
O-O O-O 9. f4 d6 10. Nb3 Qc7 11. Be2 Bd7 12. Bf3 Rac8 13. Qd2 Rfe8 14. Nb5 Qb8
15. e5 dxe5 16. fxe5 Nxe5 17. Bxa7 Nxf3+ 18. Rxf3 Qe5 19. Nc3 Bc6 20. Re3 Qg5
21. Rae1 Rcd8 22. Qf2 Ng4 23. Qg3 Bf6 24. R3e2 h5 25. h3 Nh6 26. Qxg5 Bxg5 27.
Bb6 Ra8 28. Nd4 e6 29. Nxc6 bxc6 30. Be3 Bxe3+ 31. Rxe3 Nf5 32. Rd3 Rab8 33. b3
Rbd8 34. Ne4 Rxd3 35. cxd3 Rd8 36. Rc1 Rxd3 37. Rxc6 Rd1+ 38. Kf2 Ra1 39. Rc8+
Kg7 40. Ra8 Nd4 41. b4 Rb1 42. a3 Nc2 43. Ra7 Ra1 44. Rb7 Nxa3 45. Ng5 Kf6 46.
Nh7+ Kg7 47. Ng5 Kf6 48. Nh7+ Kg7 1/2-1/2

[Event "Sparkassen-Open J"]
[Site "Heusenstamm, Martinsee"]
[Date "2017.11.26"]
[Round "4.16"]
[White "Welker, Alexandra"]
[Black "Tryfon, Konstantin"]
[Result "1-0"]
[WhiteElo "1009"]
[BlackElo "1030"]
[PlyCount "104"]
[EventDate "2017.??.??"]
[WhiteTeam "TuS Makkabi"]
[BlackTeam "SC Höchst"]

1. e4 e5 2. Nf3 Nc6 3. Bc4 Nf6 4. d3 h6 5. O-O Bc5 6. Be3 Bb6 7. Nc3 d6 8. h3
O-O 9. d4 exd4 10. Nxd4 Nxd4 11. Bxd4 Bxd4 12. Qxd4 Nh7 13. e5 dxe5 14. Qxe5
Re8 15. Qd5 Be6 16. Qxd8 Raxd8 17. Bxe6 Rxe6 18. Rad1 Rxd1 19. Rxd1 Rb6 20.
Rd8+ Nf8 21. Nd5 Re6 22. Nxc7 Rc6 23. Nd5 Re6 24. c4 Re1+ 25. Kh2 Re6 26. b4 g6
27. Rb8 b6 28. c5 bxc5 29. bxc5 Kg7 30. Rc8 Re5 31. Nb4 Re4 32. a3 Rc4 33. c6
Ne6 34. Nd5 Rc5 35. c7 Rxd5 36. Rg8+ Kxg8 37. c8=Q+ Rd8 38. Qb7 a5 39. a4 Rd4
40. Qa8+ Kg7 41. Qxa5 Rf4 42. Qe5+ Kh7 43. a5 Rf5 44. Qc3 Rc5 45. Qb4 Rf5 46.
a6 Rf4 47. Qe7 Ra4 48. Qxf7+ Kh8 49. Qxe6 Kh7 50. Qd7+ Kg8 51. Qxa4 Kh7 52. a7
Kh8 1-0

[Event "Sparkassen-Open J"]
[Site "Heusenstamm, Martinsee"]
[Date "2017.11.26"]
[Round "4.17"]
[White "Scheerer, Amelie"]
[Black "Sadri, Adrian"]
[Result "1-0"]
[WhiteElo "957"]
[BlackElo "790"]
[PlyCount "61"]
[EventDate "2017.??.??"]
[WhiteTeam "SF Frankfurt"]
[BlackTeam "SC Bad Soden"]

1. e4 e5 2. Nf3 Nc6 3. Bc4 d6 4. h3 Be7 5. Nc3 Nf6 6. d3 O-O 7. Bg5 Nd4 8. Nxd4
exd4 9. Nd5 Be6 10. O-O Nxd5 11. Bxe7 Qxe7 12. Bxd5 Bxd5 13. exd5 Qg5 14. c3 c6
15. dxc6 bxc6 16. Qg4 f6 17. Qxd4 f5 18. Qxd6 Rf6 19. Qg3 Rg6 20. Kh2 f4 21.
Qf3 Re8 22. Rae1 Rf8 23. Rg1 Qf5 24. Re4 Rgf6 25. Qe2 Rg6 26. g4 f3 27. Qe3 Qg5
28. Re1 Qh4 29. Re8 Rh6 30. Rxf8+ Kxf8 31. Qe8# 1-0

[Event "Sparkassen-Open J"]
[Site "Heusenstamm, Martinsee"]
[Date "2017.11.26"]
[Round "4.18"]
[White "Culha, Merve"]
[Black "Kovalenko, David"]
[Result "1-0"]
[WhiteElo "778"]
[BlackElo "951"]
[PlyCount "59"]
[EventDate "2017.??.??"]
[WhiteTeam "SC Heusenstamm"]
[BlackTeam "Düsseldorfer SV"]

1. e4 e5 2. Nf3 Nc6 3. Bc4 Nd4 4. c3 Nxf3+ 5. Qxf3 Nf6 6. d4 d6 7. O-O Bg4 8.
Qg3 Qd7 9. h3 Bh5 10. Nd2 g6 11. Re1 b5 12. Qg5 Bg7 13. Be2 Bxe2 14. Rxe2 h6
15. Qg3 O-O 16. dxe5 dxe5 17. Qxe5 Ng4 18. Qf4 Ne5 19. Nf3 Nxf3+ 20. Qxf3 Be5
21. Rd2 Qe6 22. Rd3 Kh7 23. Qe3 g5 24. h4 Rg8 25. Bd2 gxh4 26. Rd1 a5 27. Bc1
Ra6 28. g3 Qxa2 29. Rd5 Bd6 30. Qxh6# 1-0

[Event "Sparkassen-Open J"]
[Site "Heusenstamm, Martinsee"]
[Date "2017.11.26"]
[Round "4.19"]
[White "Schmidt, Merle"]
[Black "Hain, Julian"]
[Result "1-0"]
[WhiteElo "936"]
[BlackElo "777"]
[PlyCount "63"]
[EventDate "2017.??.??"]
[WhiteTeam "SK Langen"]
[BlackTeam "SC Heusenstamm"]

1. e4 e5 2. Nf3 Nc6 3. Bc4 Bc5 4. Nc3 d6 5. d3 Nd4 6. Bg5 f6 7. Be3 Bg4 8. Bxd4
Bxd4 9. O-O Ne7 10. Qe2 Ng6 11. g3 Ne7 12. Rad1 Nc6 13. Bd5 Rb8 14. Bxc6+ bxc6
15. Rb1 O-O 16. Nd1 Rb4 17. Ne3 Bh5 18. g4 Bxe3 19. gxh5 Bf4 20. c3 Ra4 21. b3
Ra5 22. b4 Ra3 23. Qb2 Ra4 24. Kh1 Qe8 25. Rg1 Qxh5 26. Qe2 Rxa2 27. Qxa2+ Rf7
28. Qe2 f5 29. Rg2 Rf6 30. Rbg1 fxe4 31. Rxg7+ Kh8 32. Rg8# 1-0

[Event "Sparkassen-Open J"]
[Site "Heusenstamm, Martinsee"]
[Date "2017.11.26"]
[Round "4.20"]
[White "Özyar, Arin"]
[Black "Fürschbach, Nino Matteo"]
[Result "1/2-1/2"]
[WhiteElo "777"]
[BlackElo "930"]
[PlyCount "81"]
[EventDate "2017.??.??"]
[WhiteTeam "SC Bad Soden"]
[BlackTeam "SC Herborn"]

1. e4 e5 2. Nf3 Nc6 3. Bc4 Bc5 4. c3 Nf6 5. d4 Bd6 6. d5 Na5 7. Nbd2 Nxc4 8.
Nxc4 Nxe4 9. Nxd6+ Nxd6 10. Nxe5 Qe7 11. Qe2 f6 12. Nf3 Qxe2+ 13. Kxe2 O-O 14.
Re1 Nb5 15. c4 Nd6 16. Bf4 Nxc4 17. Bxc7 d6 18. Kf1 Bg4 19. h3 Bxf3 20. gxf3
Rf7 21. b3 Nd2+ 22. Ke2 Nxb3 23. axb3 Rxc7 24. Kd3 Rac8 25. Kd4 Rc3 26. Re3
Rxe3 27. fxe3 Kf7 28. f4 Kg6 29. e4 f5 30. e5 dxe5+ 31. Kxe5 Rc3 32. Rh1 Re3+
33. Kd6 Rxb3 34. Kc7 b5 35. d6 Rc3+ 36. Kb7 Rd3 37. Kc7 Kf7 38. Re1 Rc3+ 39.
Kb7 b4 40. d7 Rd3 41. Kc7 1/2-1/2

[Event "Sparkassen-Open J"]
[Site "Heusenstamm, Martinsee"]
[Date "2017.11.26"]
[Round "4.22"]
[White "Niesel, Sebastian"]
[Black "Moldenhauer, Nils"]
[Result "1-0"]
[WhiteElo "765"]
[BlackElo "853"]
[PlyCount "77"]
[EventDate "2017.??.??"]
[WhiteTeam "TuS Makkabi"]
[BlackTeam "SV Oberursel"]

1. e4 e5 2. Nf3 Nc6 3. Bc4 Bc5 4. O-O Nf6 5. d3 O-O 6. Bg5 h6 7. Bh4 d6 8. c3
Bg4 9. h3 Bh5 10. Qd2 Bxf3 11. gxf3 Bb6 12. Bg3 Qd7 13. Kg2 d5 14. Bb3 d4 15.
cxd4 Bxd4 16. Nc3 Nh7 17. Nb5 Ng5 18. Nxd4 exd4 19. Rh1 Qe7 20. Bh4 Qc5 21.
Rac1 Qb5 22. Qc2 Nxf3 23. Kxf3 Qh5+ 24. Kg3 g5 25. Bxg5 hxg5 26. Kh2 g4 27. Kg1
gxh3 28. f3 Qg5+ 29. Kh2 Qh4 30. Rhg1+ Kh8 31. Rg3 Qf4 32. Rcg1 Rg8 33. Qf2 Kh7
34. Bxf7 Rg7 35. Bd5 Ne5 36. Kh1 Nxd3 37. Rxh3+ Qh6 38. Rxh6+ Kxh6 39. Qxd4 1-0

[Event "Sparkassen-Open J"]
[Site "Heusenstamm, Martinsee"]
[Date "2017.11.26"]
[Round "4.23"]
[White "Grebe, Sabrina"]
[Black "Mainberger, Jakob"]
[Result "1-0"]
[WhiteElo "811"]
[BlackElo "779"]
[PlyCount "57"]
[EventDate "2017.??.??"]
[WhiteTeam "SC Heusenstamm"]
[BlackTeam "SC Kahl"]

1. e4 e5 2. Nf3 Nc6 3. Bc4 Bc5 4. c3 Nf6 5. d4 exd4 6. e5 Ne4 7. Bd5 f5 8. Ng5
Nxg5 9. Bxg5 Qxg5 10. O-O Nxe5 11. Re1 d6 12. b4 c6 13. Bb3 Bb6 14. a4 d5 15.
Rxe5+ Kf8 16. Bc2 dxc3 17. Qf3 g6 18. Nxc3 Bc7 19. Re3 Qh6 20. h3 d4 21. Re2
dxc3 22. Qxc3 Qg7 23. Qa3 Be5 24. Rae1 Bd7 25. b5+ Kf7 26. Bb3+ Kf6 27. Rxe5
cxb5 28. Qd6+ Kg5 29. g3 1-0

[Event "Sparkassen-Open J"]
[Site "Heusenstamm, Martinsee"]
[Date "2017.11.26"]
[Round "5.1"]
[White "Porstendörfer, Yannik"]
[Black "Klugstedt, Vincent"]
[Result "1-0"]
[WhiteElo "1236"]
[BlackElo "1684"]
[PlyCount "95"]
[EventDate "2017.??.??"]
[WhiteTeam "SK Klingenberg"]
[BlackTeam "TV Borken"]

1. d4 Nf6 2. Bf4 e6 3. e3 d5 4. Nd2 c5 5. c3 Nc6 6. Bd3 Bd7 7. Ngf3 c4 8. Bc2
b5 9. Ne5 b4 10. Ndf3 Nh5 11. Nxf7 Kxf7 12. Ng5+ Ke7 13. Qxh5 Be8 14. Qh4 Kd7
15. Qg4 Qf6 16. Ba4 Rc8 17. Be5 Qe7 18. O-O Bg6 19. e4 dxe4 20. d5 e3 21. Bxc6+
Rxc6 22. dxc6+ Kxc6 23. Qxc4+ Kb7 24. Qb5+ Ka8 25. Qc6+ Qb7 26. Qxb7+ Kxb7 27.
Nxe6 bxc3 28. bxc3 Ba3 29. fxe3 Re8 30. Nf4 Rxe5 31. Nxg6 hxg6 32. Rf7+ Kc6 33.
Rxa7 Bb2 34. Rd1 Rxe3 35. Rxg7 Re6 36. Rd3 Rf6 37. Rf3 Re6 38. Rg3 Kb5 39.
R7xg6 Re7 40. R3g5+ Kc4 41. Rc6+ Kd3 42. Rd6+ Ke2 43. Rgg6 Bc1 44. Rge6+ Be3+
45. Kh1 Rf7 46. g3 Rf2 47. Rf6 Bf4 48. Rxf4 1-0

[Event "Sparkassen-Open J"]
[Site "Heusenstamm, Martinsee"]
[Date "2017.11.26"]
[Round "5.2"]
[White "Lorenz, Alexander"]
[Black "Schweizer, Michael"]
[Result "1-0"]
[WhiteElo "1551"]
[BlackElo "1462"]
[PlyCount "51"]
[EventDate "2017.??.??"]
[WhiteTeam "SV Bergwinkel"]
[BlackTeam "TuS Makkabi"]

1. e4 e5 2. Nf3 Nc6 3. d4 exd4 4. Bc4 Bc5 5. c3 Nf6 6. e5 Qe7 7. O-O Ng4 8.
cxd4 Bb6 9. h3 Nh6 10. Nc3 Nf5 11. Nd5 Qd8 12. Nxb6 axb6 13. d5 Na5 14. Qd3
Nxc4 15. Qxc4 h6 16. d6 c6 17. Qg4 g6 18. Bd2 b5 19. Nd4 Ra4 20. b4 Nxd4 21.
Qxd4 b6 22. e6 Rh7 23. e7 c5 24. exd8=Q+ Kxd8 25. Qf6+ Ke8 26. Qe7# 1-0

[Event "Sparkassen-Open J"]
[Site "Heusenstamm, Martinsee"]
[Date "2017.11.26"]
[Round "5.3"]
[White "Klaska, Philipp Leon"]
[Black "Schwarz, Daniel"]
[Result "0-1"]
[WhiteElo "1153"]
[BlackElo "1630"]
[PlyCount "104"]
[EventDate "2017.??.??"]
[WhiteTeam "Düsseldorfer SV"]
[BlackTeam "SG Idstein"]

1. e4 e5 2. Nf3 Nc6 3. Bc4 Nf6 4. d3 Bc5 5. c3 d6 6. Nbd2 Be6 7. Bb3 Qd7 8. O-O
h6 9. h3 g5 10. Bxe6 Qxe6 11. Qb3 Qc8 12. g4 Bb6 13. Re1 Qd7 14. Nh2 h5 15. Qd1
O-O-O 16. Ndf1 Rdg8 17. Ng3 Kb8 18. Nf5 Ne7 19. Be3 Nxf5 20. exf5 hxg4 21. hxg4
Rh4 22. f3 Rgh8 23. Nf1 Qb5 24. b3 Nd5 25. Bxb6 Qxb6+ 26. d4 Nxc3 27. Qd2 Nd5
28. Rad1 Rh1+ 29. Kg2 Nf4+ 30. Kg3 Rg1+ 31. Kf2 Rg2+ 32. Ke3 Rxd2 33. Rxd2
exd4+ 34. Kf2 d3+ 35. Re3 Nd5 36. Rdxd3 Nxe3 37. Rxe3 Re8 38. Ke2 Rxe3+ 39.
Nxe3 Qa6+ 40. Nc4 d5 41. Kd3 dxc4+ 42. bxc4 Qxa2 43. Kd4 c6 44. Ke5 Qb2+ 45.
Kd6 Qf6+ 46. Kd7 a5 47. c5 a4 48. Ke8 a3 49. Kf8 a2 50. Ke8 a1=R 51. Kf8 Kc7
52. Ke8 Ra8# 0-1

[Event "Sparkassen-Open J"]
[Site "Heusenstamm, Martinsee"]
[Date "2017.11.26"]
[Round "5.4"]
[White "Porstendörfer, Eric"]
[Black "Willand, Mattis"]
[Result "1-0"]
[WhiteElo "1489"]
[BlackElo "1169"]
[PlyCount "87"]
[EventDate "2017.??.??"]
[WhiteTeam "SK Klingenberg"]
[BlackTeam "SC FK Babenhausen"]

1. e4 c5 2. Nf3 Nc6 3. d4 cxd4 4. Nxd4 g6 5. Nc3 Bg7 6. Nxc6 bxc6 7. Bg5 Qb6 8.
Rb1 d6 9. Bc4 Nf6 10. O-O Bg4 11. Qd3 O-O 12. h3 Bc8 13. Qd2 Bb7 14. Bh6 c5 15.
Bd5 Nxd5 16. Nxd5 Bxd5 17. Bxg7 Kxg7 18. Qxd5 Rab8 19. e5 Qb7 20. Rfd1 Rfd8 21.
b3 Qa6 22. a4 Rb6 23. Qf3 Qc8 24. Qc3 Kg8 25. Rd3 e6 26. exd6 Rbxd6 27. Rxd6
Rxd6 28. b4 Rc6 29. Qe5 cxb4 30. Rxb4 Rb6 31. Qb2 Qc7 32. a5 Rxb4 33. Qxb4 Kg7
34. a6 Qxc2 35. Qd4+ Kh6 36. Qxa7 Qc1+ 37. Kh2 Qf4+ 38. g3 Qf6 39. Qb6 g5 40.
a7 g4 41. a8=Q gxh3 42. Qe3+ Kg6 43. Qg8+ Kf5 44. Qf4# 1-0

[Event "Sparkassen-Open J"]
[Site "Heusenstamm, Martinsee"]
[Date "2017.11.26"]
[Round "5.5"]
[White "Althaus, Lennart"]
[Black "Senko, Daniel"]
[Result "0-1"]
[WhiteElo "1235"]
[BlackElo "1158"]
[PlyCount "48"]
[EventDate "2017.??.??"]
[WhiteTeam "TV-Großostheim"]
[BlackTeam "SC Bad Soden"]

1. e4 e5 2. Nf3 Nc6 3. Bc4 Bc5 4. c3 Nf6 5. d3 O-O 6. a4 a6 7. b4 Ba7 8. Na3 d5
9. exd5 Nxd5 10. Qb3 Nb6 11. Bg5 Qd6 12. O-O Nxc4 13. Nxc4 Qxd3 14. Ncxe5 Nxe5
15. Nxe5 Qf5 16. Nf3 Re8 17. Rfe1 Be6 18. Qb2 h6 19. Bh4 Bd5 20. Nd2 Qg4 21.
Bg3 h5 22. h3 Qxg3 23. Rxe8+ Rxe8 24. Nf3 Bxf3 0-1

[Event "Sparkassen-Open J"]
[Site "Heusenstamm, Martinsee"]
[Date "2017.11.26"]
[Round "5.6"]
[White "Martin, Peter"]
[Black "Schneider, Ferdinand"]
[Result "1-0"]
[WhiteElo "1219"]
[BlackElo "1148"]
[PlyCount "95"]
[EventDate "2017.??.??"]
[WhiteTeam "SG Trier"]
[BlackTeam "SF Vonkeln"]

1. e4 e5 2. d4 exd4 3. c3 d5 4. exd5 Qxd5 5. cxd4 Nc6 6. Nc3 Qxd4 7. Qxd4 Nxd4
8. Bd3 Nf6 9. Be3 Nc6 10. Nf3 Bb4 11. Rc1 Be6 12. a3 Ba5 13. b4 Bb6 14. Bxb6
axb6 15. b5 Ne7 16. a4 Ned5 17. Nxd5 Nxd5 18. O-O O-O 19. Ng5 Rxa4 20. Nxe6
fxe6 21. Rfe1 Re8 22. Bf5 Rb4 23. Bxe6+ Kf8 24. Bxd5 Rxe1+ 25. Rxe1 Rxb5 26.
Bxb7 c5 27. Kf1 c4 28. Rc1 Rc5 29. Ke2 Ke7 30. Kd2 Kd6 31. Kc3 Ke5 32. Ba6 Kd5
33. Kb4 Kd4 34. Rxc4+ Rxc4+ 35. Bxc4 h6 36. f3 g5 37. Kb5 Kc3 38. Bf7 Kd2 39.
Be6 Ke3 40. Kxb6 Kf2 41. h4 Kxg2 42. hxg5 hxg5 43. Bg4 Kg3 44. Kc6 Kh4 45. Kd6
Kg3 46. Ke6 Kh4 47. Kf6 Kg3 48. Kxg5 1-0

[Event "Sparkassen-Open J"]
[Site "Heusenstamm, Martinsee"]
[Date "2017.11.26"]
[Round "5.7"]
[White "Buchholz, Maja"]
[Black "Sharma, Aarush"]
[Result "1-0"]
[WhiteElo "1178"]
[BlackElo "1054"]
[PlyCount "101"]
[EventDate "2017.??.??"]
[WhiteTeam "SK Langen"]
[BlackTeam "Düsseldorfer SV"]

1. c4 c5 2. Nf3 e6 3. g3 Nc6 4. Bg2 Qc7 5. Nc3 a6 6. b3 Nf6 7. Bb2 Be7 8. Qc2
O-O 9. O-O b6 10. Nd1 Bb7 11. Ne5 d5 12. Nxc6 Bxc6 13. cxd5 exd5 14. d4 Rad8
15. Ne3 Rfe8 16. Rac1 Rc8 17. Rfd1 Red8 18. a4 Bb7 19. Nf5 a5 20. Nxe7+ Qxe7
21. Qd2 Rc7 22. e3 Bc8 23. dxc5 bxc5 24. Qxa5 Be6 25. Qc3 Rcc8 26. Ba3 Ne4 27.
Bxe4 dxe4 28. Rxd8+ Qxd8 29. Bxc5 Bh3 30. b4 Qd7 31. Qc2 Qf5 32. Qe2 h6 33. a5
Bg4 34. Qe1 Bh3 35. f4 Qe6 36. Ra1 Qc4 37. a6 Qc2 38. Qf2 Qc3 39. Re1 Qa3 40.
a7 Kh7 41. Qc2 f5 42. Kf2 Qa6 43. Qb2 Qc4 44. Ra1 Re8 45. Qe2 Qd5 46. Bd4 Bg4
47. Qb2 Qb7 48. b5 Ra8 49. b6 Kg6 50. Qc2 Qd5 51. Qc7 1-0

[Event "Sparkassen-Open J"]
[Site "Heusenstamm, Martinsee"]
[Date "2017.11.26"]
[Round "5.8"]
[White "Werner, Florin"]
[Black "Wu, Sifan"]
[Result "0-1"]
[WhiteElo "1042"]
[BlackElo "1255"]
[PlyCount "74"]
[EventDate "2017.??.??"]
[WhiteTeam "VSG Offenbach"]
[BlackTeam "SV Oberursel"]

1. e4 e5 2. Nf3 Nc6 3. Bc4 Nf6 4. Ng5 d5 5. exd5 Na5 6. d3 h6 7. Nf3 Bg4 8. Nc3
Bb4 9. Bd2 O-O 10. a3 Bd6 11. h3 Bh5 12. Qe2 Re8 13. Ba2 b6 14. Ne4 Nb7 15. Be3
Nxe4 16. dxe4 Qf6 17. g4 Bg6 18. Bd2 Nc5 19. Rg1 Nxe4 20. h4 Nxd2 21. Nxd2 Bxc2
22. g5 hxg5 23. Rxg5 Qh6 24. Rh5 Qg6 25. Rg5 Qh6 26. Rh5 Qf4 27. Rc1 Bg6 28.
Rc4 e4 29. Rg5 Qxh4 30. Rg1 Qh2 31. Rf1 e3 32. Nf3 Qh6 33. Rh4 exf2+ 34. Kxf2
Rxe2+ 35. Kxe2 Bh5 36. Rfh1 g6 37. Kf2 Re8 0-1

[Event "Sparkassen-Open J"]
[Site "Heusenstamm, Martinsee"]
[Date "2017.11.26"]
[Round "5.9"]
[White "Schmidt, Jeremy"]
[Black "Welker, Alexandra"]
[Result "1-0"]
[WhiteElo "1174"]
[BlackElo "1009"]
[PlyCount "93"]
[EventDate "2017.??.??"]
[WhiteTeam "SG Rödermark"]
[BlackTeam "TuS Makkabi"]

1. e4 e5 2. Nf3 Nc6 3. Bc4 Bc5 4. b4 Bxb4 5. c3 Bc5 6. Qb3 Qf6 7. O-O d6 8. Rd1
Be6 9. d4 Nge7 10. Bxe6 fxe6 11. dxc5 dxc5 12. Qxb7 Rc8 13. Bg5 Rb8 14. Qxb8+
Nxb8 15. Bxf6 gxf6 16. Nbd2 O-O 17. Nc4 Ng6 18. g3 Nc6 19. Rd7 Rc8 20. Rb1 Nf8
21. Rdd1 a6 22. h4 Ng6 23. h5 Nf8 24. g4 h6 25. Nh4 Kg7 26. f3 Kf7 27. a4 Ke7
28. Ng6+ Kf7 29. Nxf8 Kxf8 30. Rd7 Ke8 31. Rh7 f5 32. Rd1 fxe4 33. Rh8+ Kf7 34.
Rxc8 exf3 35. Rxc7+ Ne7 36. Rdd7 e4 37. Rxe7+ Kf6 38. Rg7 f2+ 39. Kxf2 e3+ 40.
Kxe3 e5 41. Rh7 Kg5 42. Rcg7+ Kf6 43. Ra7 Kg5 44. Rxa6 Kxg4 45. Rhxh6 e4 46.
Kxe4 Kg5 47. Rag6+ 1-0

[Event "Sparkassen-Open J"]
[Site "Heusenstamm, Martinsee"]
[Date "2017.11.26"]
[Round "5.10"]
[White "Dixon, Laura Michaela"]
[Black "Keck, Johannes"]
[Result "0-1"]
[WhiteElo "1145"]
[BlackElo "1152"]
[PlyCount "78"]
[EventDate "2017.??.??"]
[WhiteTeam "VSG Offenbach"]
[BlackTeam "SV Lauf"]

1. e4 e5 2. Nf3 Nc6 3. Bc4 Nf6 4. Nc3 Bc5 5. d3 h6 6. O-O d6 7. h3 O-O 8. Be3
Bb6 9. d4 Nd7 10. d5 Ne7 11. Nh2 f5 12. Bxb6 axb6 13. Bd3 f4 14. Qf3 Nf6 15.
Ne2 Ng6 16. g3 Bxh3 17. Rfe1 Qd7 18. gxf4 exf4 19. Nxf4 Nxd5 20. exd5 Rxf4 21.
Qg3 Bf5 22. Re3 Bxd3 23. cxd3 Qf5 24. Rae1 Qg5 25. Qxg5 hxg5 26. a3 Raf8 27.
R1e2 Ne5 28. Rg3 Rd4 29. Ree3 Rxd5 30. Rxg5 Rxd3 31. Rxd3 Nxd3 32. Ng4 Nxb2 33.
Nh6+ Kh7 34. Nf5 g6 35. Ne3 Rc8 36. Ng4 c5 37. Nf6+ Kg7 38. Nd5 c4 39. f4 Rc5
0-1

[Event "Sparkassen-Open J"]
[Site "Heusenstamm, Martinsee"]
[Date "2017.11.26"]
[Round "5.11"]
[White "Kail, Oliver"]
[Black "Burkart, Lloyd Shang"]
[Result "1-0"]
[WhiteElo "1479"]
[BlackElo "1108"]
[PlyCount "93"]
[EventDate "2017.??.??"]
[WhiteTeam "SK Klingenberg"]
[BlackTeam "TuS Makkabi"]

1. e4 c5 2. Nf3 e6 3. c4 Nc6 4. Nc3 a6 5. d4 cxd4 6. Nxd4 Qc7 7. b3 Nf6 8. Bg5
Bb4 9. Bd2 O-O 10. Nxc6 bxc6 11. Bd3 d5 12. Qc2 d4 13. Ne2 Bxd2+ 14. Qxd2 c5
15. O-O Bb7 16. Ng3 Rab8 17. a3 Rfd8 18. Rfe1 e5 19. b4 Nd7 20. Rf1 Nb6 21. f4
Re8 22. bxc5 Qxc5 23. Qb4 Qc6 24. c5 Nd7 25. Rac1 Rec8 26. Qb3 Nxc5 27. Qa2 Qd6
28. fxe5 Qxe5 29. Qxf7+ Kh8 30. Rf5 Qd6 31. Rg5 Rc7 32. Nf5 Qxh2+ 33. Kxh2 Rxf7
34. Rxc5 Rg8 35. Nd6 Rd7 36. Nxb7 Rxb7 37. Bxa6 Ra7 38. Ra5 Rd7 39. Rgd5 Ra7
40. Rxd4 Rga8 41. e5 h6 42. Rd6 Kh7 43. Bd3+ Kg8 44. Rxa7 Rxa7 45. e6 Re7 46.
Rd8+ Re8 47. Rxe8# 1-0

[Event "Sparkassen-Open J"]
[Site "Heusenstamm, Martinsee"]
[Date "2017.11.26"]
[Round "5.12"]
[White "Scheerer, Amelie"]
[Black "Scheerer, Julian"]
[Result "1/2-1/2"]
[WhiteElo "957"]
[BlackElo "1172"]
[PlyCount "49"]
[EventDate "2017.??.??"]
[WhiteTeam "SF Frankfurt"]
[BlackTeam "SF Frankfurt"]

1. e4 e5 2. Nf3 Nc6 3. Bc4 Bc5 4. Nc3 Nf6 5. d3 h6 6. Be3 Bb6 7. O-O O-O 8. Nd5
d6 9. h3 Be6 10. c3 Nd7 11. d4 Na5 12. Bb5 c6 13. Nxb6 Qxb6 14. Bxc6 bxc6 15.
d5 cxd5 16. Bxb6 Nxb6 17. exd5 Bxd5 18. Qd3 Nac4 19. b3 Na5 20. c4 Naxc4 21.
Nh4 e4 22. Qg3 f5 23. Qf4 Rae8 24. Rfe1 g5 25. Qh2 1/2-1/2

[Event "Sparkassen-Open J"]
[Site "Heusenstamm, Martinsee"]
[Date "2017.11.26"]
[Round "5.13"]
[White "Pessotschinski, Lars"]
[Black "Toepfer, Tim"]
[Result "0-1"]
[WhiteElo "1158"]
[BlackElo "910"]
[PlyCount "58"]
[EventDate "2017.??.??"]
[WhiteTeam "TuS Makkabi"]
[BlackTeam "SC Herborn"]

1. e4 e5 2. Nf3 Nc6 3. d4 d6 4. dxe5 Qe7 5. exd6 Qxe4+ 6. Qe2 Qxe2+ 7. Bxe2
Bxd6 8. O-O Nf6 9. Bg5 Be7 10. Re1 a6 11. Bxf6 Bxf6 12. c3 O-O 13. Nbd2 Bf5 14.
Nc4 Rfe8 15. Ne3 Bg6 16. Nd5 Bd8 17. Bxa6 Rxe1+ 18. Rxe1 f6 19. Bc4 Bf7 20. Bb3
Bxd5 21. Bxd5+ Kf8 22. Nd4 Nxd4 23. cxd4 c6 24. Bb3 Ba5 25. Rd1 Rc8 26. d5 cxd5
27. Rxd5 Re8 28. h3 Bc7 29. Rd7 Re1# 0-1